Pseudo-Boolean methods for bivalent programming : (Record no. 52585)
[ view plain ]
| 000 -LEADER | |
|---|---|
| fixed length control field | 00954nam a2200253 a 4500 |
| 001 - CONTROL NUMBER | |
| control field | 52585 |
| 003 - CONTROL NUMBER IDENTIFIER | |
| rucl marc code | BD-RjUL |
| 005 - DATE AND TIME OF LATEST TRANSACTION | |
| control field | 20211209075830.0 |
| 008 - FIXED-LENGTH DATA ELEMENTS--GENERAL INFORMATION | |
| fixed length control field | 160922s1966 nyu 000 0 eng d |
| 035 ## - SYSTEM CONTROL NUMBER | |
| System control number | (BD-RjUL)52705 |
| 040 ## - CATALOGING SOURCE | |
| Original cataloging agency | BD-RjUL |
| Language of cataloging | eng |
| Transcribing agency | BD-RjUL |
| Modifying agency | BD-RjUL |
| 041 ## - LANGUAGE CODE | |
| Language code of text/sound track or separate title | eng |
| 082 ## - DEWEY DECIMAL CLASSIFICATION NUMBER | |
| Edition number | 23 |
| Classification number | 510 |
| Author mark and year | IVP 1966 |
| 100 1# - MAIN ENTRY--PERSONAL NAME | |
| Personal name | Ivănescu, P. L. |
| 9 (RLIN) | 157228 |
| 245 10 - TITLE STATEMENT | |
| Title | Pseudo-Boolean methods for bivalent programming : |
| Remainder of title | lecture at the first European Meeting of the Institute of Management Sciences and of the Econometric Institute, Warsaw, September 2-7, 1966 / |
| Statement of responsibility, etc. | P. L. Ivănescu, S. Rudeanu. |
| 260 ## - PUBLICATION, DISTRIBUTION, ETC. (IMPRINT) | |
| Place of publication, distribution, etc. | Berlin : |
| Name of publisher, distributor, etc. | Springer-Verlag, |
| Date of publication, distribution, etc. | 1966. |
| 300 ## - PHYSICAL DESCRIPTION | |
| Pagination | 120 p. ; |
| Size | 28 cm. |
| 490 1# - SERIES STATEMENT | |
| Series statement | Lecture notes in mathematics ; |
| Volume/sequential designation | 23 |
| 504 ## - BIBLIOGRAPHY, ETC. NOTE | |
| Bibliography, etc | Includes bibliographical references. |
| 650 ## - SUBJECT ADDED ENTRY--TOPICAL TERM | |
| Topical term or geographic name as entry element | Mathematics |
| 9 (RLIN) | 157229 |
| 700 1# - ADDED ENTRY--PERSONAL NAME | |
| Personal name | Rudeanu, Sergiu. |
| 830 #0 - SERIES ADDED ENTRY--UNIFORM TITLE | |
| Uniform title | Lecture notes in mathematics (Springer-Verlag) ; |
| Volume number/sequential designation | 23. |
| 942 ## - ADDED ENTRY ELEMENTS (KOHA) | |
| Source of classification or shelving scheme | Dewey Decimal Classification |
| Koha item type | Books |
| Lost status | Source of classification or shelving scheme | Damaged status | Not for loan | Collection code | Permanent Location | Current Location | Shelving location | Date acquired | Source of acquisition | Total Checkouts | Full call number | Date last seen | Copy number | Koha item type |
|---|---|---|---|---|---|---|---|---|---|---|---|---|---|---|
| Dewey Decimal Classification | Non-fiction | Central Library, University of Rajshahi | Central Library, University of Rajshahi | 22/09/2016 | Swits & Zillinger | 510 IVP 1966 | 22/09/2016 | C-2 | Books |